[Event "Hessen-ch U12"]
[Site "Bad Homburg"]
[Date "2015.04.03"]
[Round "7"]
[White "Held, Maurice"]
[Black "Tessier, Leo"]
[Result "1/2-1/2"]
[WhiteElo "1735"]
[BlackElo "1387"]
[PlyCount "76"]
[EventDate "2015.03.30"]
[EventType "swiss"]
[EventRounds "9"]
[EventCountry "GER"]
[SourceTitle "EXT 2017"]
[Source "ChessBase"]
[SourceDate "2016.10.25"]
[SourceVersion "1"]
[SourceVersionDate "2016.10.25"]
[SourceQuality "1"]

1. c4 e5 2. Nc3 Nf6 3. Nf3 Nc6 4. g3 Bc5 5. Bg2 d6 6. 0-0 Be6 7. d3 0-0 8. Bd2 Re8 9. a3 a5 10. Bg5 h6 11. Bxf6 Qxf6 12. Ne4 Qe7 13. Nxc5 dxc5 14. Nd2 Qd7 15. Ne4 b6 16. Qa4 Nd4 17. Qd1 Rad8 18. Nc3 Bh3 19. Nd5 Bxg2 20. Kxg2 b5 21. Ne3 c6 22. cxb5 cxb5 23. Rc1 Qb7+ 24. Kg1 e4 25. dxe4 Nf3+ 26. exf3 Rxd1 27. Rfxd1 c4 28. Nf5 Qb6 29. Rd6 Qc7 30. Rcd1 c3 31. bxc3 Qxc3 32. R6d3 Qf6 33. Nd6 b4 34. Nxe8 Qb2 35. axb4 axb4 36. Rd8 Kh7 37. R8d2 Qc3 38. Rd3 Qc2 1/2-1/2

[Event "Hessen-ch U12"]
[Site "Bad Homburg"]
[Date "2015.04.01"]
[Round "4"]
[White "Tessier, Leo"]
[Black "Schwarz, Daniel"]
[Result "0-1"]
[WhiteElo "1387"]
[BlackElo "1478"]
[PlyCount "67"]
[EventDate "2015.03.30"]
[EventType "swiss"]
[EventRounds "9"]
[EventCountry "GER"]
[SourceTitle "EXT 2017"]
[Source "ChessBase"]
[SourceDate "2016.10.25"]
[SourceVersion "1"]
[SourceVersionDate "2016.10.25"]
[SourceQuality "1"]

1. e4 e5 2. Nf3 Nc6 3. Bc4 Nf6 4. d3 Bc5 5. Nc3 d6 6. Bg5 h6 7. Be3 Bb6 8. Qd2 Be6 9. Bb3 Qd7 10. Na4 Ba5 11. Nc3 Bxb3 12. axb3 d5 13. Nxe5 Nxe5 14. Rxa5 Nc6 15. Nxd5 Nxa5 16. Nxf6+ gxf6 17. Qxa5 a6 18. Qc3 0-0-0 19. Qxf6 Rdg8 20. Rg1 Rh7 21. Bxh6 Rg6 22. Qc3 Rhxh6 23. Qe5 Qe6 24. f4 Qxe5 25. fxe5 Rxh2 26. Kf2 Kd7 27. d4 Ke6 28. c4 c5 29. d5+ Kxe5 30. Kf3 Rh4 31. Rh1 Rf4+ 32. Ke3 Rg3+ 33. Ke2 Rxg2+ 34. Ke3 0-1

[Event "Hessen-ch U12"]
[Site "Bad Homburg"]
[Date "2015.03.30"]
[Round "1"]
[White "Van Lier, Alexander"]
[Black "Tessier, Leo"]
[Result "0-1"]
[WhiteElo "828"]
[BlackElo "1387"]
[PlyCount "20"]
[EventDate "2015.03.30"]
[EventType "swiss"]
[EventRounds "9"]
[EventCountry "GER"]
[SourceTitle "EXT 2017"]
[Source "ChessBase"]
[SourceDate "2016.10.25"]
[SourceVersion "1"]
[SourceVersionDate "2016.10.25"]
[SourceQuality "1"]

1. e4 e5 2. Bc4 Nf6 3. Nf3 Nxe4 4. Nxe5 d5 5. Bxd5 Qxd5 6. Qh5 g6 7. Qe2 Qxe5 8. d3 Bd6 9. dxe4 0-0 10. 0-0 Qxh2# 0-1

[Event "GER-chT U14"]
[Site "Regensburg"]
[Date "2014.12.27"]
[Round "1.2"]
[White "Keyser, Robin"]
[Black "Tessier, Leo"]
[Result "1-0"]
[WhiteElo "1564"]
[BlackElo "1346"]
[PlyCount "91"]
[EventDate "2014.12.27"]
[EventType "team-swiss"]
[EventRounds "7"]
[EventCountry "GER"]
[SourceTitle "EXT 2016"]
[Source "ChessBase"]
[SourceDate "2015.10.08"]
[SourceVersion "1"]
[SourceVersionDate "2015.10.08"]
[SourceQuality "1"]
[WhiteTeam "Eppendorf Johanneum"]
[BlackTeam "Frankfurt TV"]
[WhiteTeamCountry "GER"]
[BlackTeamCountry "GER"]

1. d4 d5 2. Nf3 Nf6 3. c4 dxc4 4. e3 e6 5. Bxc4 c5 6. 0-0 Nc6 7. Qe2 cxd4 8. Rd1 Bd6 9. Nxd4 Nxd4 10. Rxd4 Qc7 11. h3 0-0 12. Nc3 Bd7 13. Nb5 Bxb5 14. Bxb5 Nd5 15. Bd2 Be5 16. Rc4 Qb6 17. Rc2 Rac8 18. Rac1 Rxc2 19. Rxc2 h6 20. Qc4 a6 21. Ba4 Bxb2 22. e4 Nf6 23. Be3 Qa5 24. Rxb2 b5 25. Bxb5 axb5 26. Rxb5 Qa6 27. a4 Rc8 28. Qb4 Ra8 29. Rb8+ Rxb8 30. Qxb8+ Kh7 31. Qb1 Qxa4 32. e5+ Qe4 33. Qxe4+ Nxe4 34. f3 Nc3 35. Bd2 Nd5 36. h4 Kg6 37. Kf2 h5 38. g4 Nb6 39. Kg3 Nd5 40. f4 f6 41. gxh5+ Kxh5 42. f5 exf5 43. e6 Kg6 44. Bf4 Nc3 45. h5+ Kh7 46. e7 1-0